<?xml version="1.0" encoding="UTF-8"?>
<record
    xmlns:xsi="http://www.w3.org/2001/XMLSchema-instance"
    xsi:schemaLocation="http://www.loc.gov/MARC21/slim http://www.loc.gov/standards/marcxml/schema/MARC21slim.xsd"
    xmlns="http://www.loc.gov/MARC21/slim">

  <leader>01283nam a22002057a 4500</leader>
  <controlfield tag="008">100617t        xxu||||| |||| 00| 0 eng d</controlfield>
  <datafield tag="040" ind1=" " ind2=" ">
    <subfield code="a">EG-ScBUE</subfield>
    <subfield code="c">EG-ScBUE</subfield>
  </datafield>
  <datafield tag="082" ind1=" " ind2=" ">
    <subfield code="2">22</subfield>
    <subfield code="a">297.124</subfield>
    <subfield code="b">&#x627; &#x644; &#x628;</subfield>
  </datafield>
  <datafield tag="100" ind1="1" ind2=" ">
    <subfield code="9">14795</subfield>
    <subfield code="a">&#x639;&#x628;&#x62F; &#x627;&#x644;&#x628;&#x627;&#x642;&#x64A;&#x60C; &#x645;&#x62D;&#x645;&#x62F; &#x641;&#x624;&#x627;&#x62F;</subfield>
  </datafield>
  <datafield tag="245" ind1=" " ind2=" ">
    <subfield code="a">&#x627;&#x644;&#x644;&#x624;&#x644;&#x624; &#x648;&#x627;&#x644;&#x645;&#x631;&#x62C;&#x627;&#x646; :</subfield>
    <subfield code="b">&#x641;&#x64A;&#x645;&#x627; &#x627;&#x62A;&#x641;&#x642; &#x639;&#x644;&#x64A;&#x647; &#x627;&#x644;&#x634;&#x64A;&#x62E;&#x627;&#x646; &#x625;&#x645;&#x627;&#x645;&#x627; &#x627;&#x644;&#x645;&#x62D;&#x62F;&#x62B;&#x64A;&#x646; &#x623;&#x628;&#x648; &#x639;&#x628;&#x62F; &#x627;&#x644;&#x644;&#x647; &#x645;&#x62D;&#x645;&#x62F; &#x628;&#x646; &#x627;&#x633;&#x645;&#x627;&#x639;&#x64A;&#x644; &#x628;&#x646; &#x625;&#x628;&#x631;&#x627;&#x647;&#x64A;&#x645; &#x628;&#x646; &#x627;&#x644;&#x645;&#x63A;&#x64A;&#x631;&#x629; &#x628;&#x646; &#x628;&#x631;&#x62F;&#x630;&#x64A;&#x647; &#x627;&#x644;&#x628;&#x62E;&#x627;&#x631;&#x64A; &#x648; &#x623;&#x628;&#x648; &#x627;&#x644;&#x62D;&#x633;&#x64A;&#x646; &#x645;&#x633;&#x644;&#x645; &#x628;&#x646; &#x627;&#x644;&#x62D;&#x62C;&#x627;&#x62C; &#x628;&#x646; &#x645;&#x633;&#x644;&#x645; &#x627;&#x644;&#x642;&#x634;&#x64A;&#x631;&#x64A; &#x627;&#x644;&#x646;&#x64A;&#x633;&#x627;&#x628;&#x648;&#x631;&#x64A; &#x641;&#x64A; &#x635;&#x62D;&#x64A;&#x62D;&#x64A;&#x647;&#x645;&#x627; &#x627;&#x644;&#x644;&#x630;&#x64A;&#x646; &#x647;&#x645;&#x627; &#x623;&#x635;&#x62D; &#x627;&#x644;&#x643;&#x62A;&#x628; &#x627;&#x644;&#x645;&#x635;&#x646;&#x641;&#x629; </subfield>
    <subfield code="c">&#x645;&#x62D;&#x645;&#x62F; &#x641;&#x624;&#x627;&#x62F; &#x639;&#x628;&#x62F; &#x627;&#x644;&#x628;&#x627;&#x642;&#x64A; .</subfield>
  </datafield>
  <datafield tag="260" ind1=" " ind2=" ">
    <subfield code="a">[&#x627;&#x644;&#x642;&#x627;&#x647;&#x631;&#x629;] :</subfield>
    <subfield code="b">&#x62F;&#x627;&#x631; &#x627;&#x644;&#x62D;&#x62F;&#x64A;&#x62B; &#x60C;</subfield>
    <subfield code="c">1986.</subfield>
  </datafield>
  <datafield tag="300" ind1=" " ind2=" ">
    <subfield code="a">347 &#x635; :</subfield>
    <subfield code="c">30 &#x633;&#x645;.</subfield>
  </datafield>
  <datafield tag="500" ind1=" " ind2=" ">
    <subfield code="a">&#x64A;&#x62D;&#x62A;&#x648;&#x64A; &#x639;&#x644;&#x64A; &#x641;&#x647;&#x627;&#x631;&#x633; </subfield>
  </datafield>
  <datafield tag="650" ind1="0" ind2=" ">
    <subfield code="9">14877</subfield>
    <subfield code="a"> &#x627;&#x644;&#x628;&#x62E;&#x627;&#x631;&#x64A;&#x60C; &#x623;&#x628;&#x648; &#x639;&#x628;&#x62F; &#x627;&#x644;&#x644;&#x647; &#x645;&#x62D;&#x645;&#x62F; &#x628;&#x646; &#x627;&#x633;&#x645;&#x627;&#x639;&#x64A;&#x644; &#x628;&#x646; &#x625;&#x628;&#x631;&#x627;&#x647;&#x64A;&#x645; &#x628;&#x646; &#x627;&#x644;&#x645;&#x63A;&#x64A;&#x631;&#x629; &#x628;&#x646; &#x628;&#x631;&#x62F;&#x630;&#x64A;&#x647;</subfield>
    <subfield code="2">BUEsh</subfield>
  </datafield>
  <datafield tag="650" ind1="0" ind2=" ">
    <subfield code="9">14878</subfield>
    <subfield code="a">&#x627;&#x644;&#x646;&#x64A;&#x633;&#x627;&#x628;&#x648;&#x631;&#x64A;&#x60C; &#x623;&#x628;&#x648; &#x627;&#x644;&#x62D;&#x633;&#x64A;&#x646; &#x645;&#x633;&#x644;&#x645; &#x628;&#x646; &#x627;&#x644;&#x62D;&#x62C;&#x627;&#x62C; &#x628;&#x646; &#x645;&#x633;&#x644;&#x645; &#x627;&#x644;&#x642;&#x634;&#x64A;&#x631;&#x64A;</subfield>
    <subfield code="2">BUEsh</subfield>
  </datafield>
  <datafield tag="650" ind1="0" ind2=" ">
    <subfield code="9">14743</subfield>
    <subfield code="a">&#x627;&#x644;&#x62D;&#x62F;&#x64A;&#x62B;</subfield>
    <subfield code="x">&#x634;&#x631;&#x62D;</subfield>
    <subfield code="2">BUEsh</subfield>
  </datafield>
  <datafield tag="650" ind1="0" ind2=" ">
    <subfield code="9">14743</subfield>
    <subfield code="a">&#x627;&#x644;&#x62D;&#x62F;&#x64A;&#x62B;</subfield>
    <subfield code="x">&#x634;&#x631;&#x62D;</subfield>
    <subfield code="2">BUEsh</subfield>
  </datafield>
  <datafield tag="651" ind1=" " ind2=" ">
    <subfield code="2">BUEsh</subfield>
  </datafield>
  <datafield tag="942" ind1=" " ind2=" ">
    <subfield code="2">ddc</subfield>
  </datafield>
  <datafield tag="999" ind1=" " ind2=" ">
    <subfield code="c">14114</subfield>
    <subfield code="d">14114</subfield>
  </datafield>
  <datafield tag="952" ind1=" " ind2=" ">
    <subfield code="0">0</subfield>
    <subfield code="1">0</subfield>
    <subfield code="2">ddc</subfield>
    <subfield code="4">0</subfield>
    <subfield code="7">0</subfield>
    <subfield code="8">Donation-G</subfield>
    <subfield code="a">MAIN</subfield>
    <subfield code="b">MAIN</subfield>
    <subfield code="c">LOW</subfield>
    <subfield code="d">2010-06-17</subfield>
    <subfield code="e">Donation</subfield>
    <subfield code="l">2</subfield>
    <subfield code="m">16</subfield>
    <subfield code="o">297.124 &#x627; &#x644; &#x628;</subfield>
    <subfield code="p">000020896</subfield>
    <subfield code="q">2026-05-18</subfield>
    <subfield code="r">2026-04-23 00:00:00</subfield>
    <subfield code="s">2026-04-23</subfield>
    <subfield code="y">BB</subfield>
    <subfield code="z">Donated by:  Alaa Abd El- Ghaney</subfield>
  </datafield>
</record>
